000 00449nam a2200181Ia 4500
003 GCL
008 140319s9999 xx 000 0 eng d
040 _aGCL /
_cGCL
082 0 4 _a843
_bP P
100 1 _aPASO, FERMAND DEL
245 1 0 _aPALINURE DE MEXICO /
_cPASO, FERMAND DEL
700 1 _aBIBARD, MICHEL
260 _a[S.N] :
_bFAYARD ،
_c1995
300 _a628 P
650 0 4 _aLITERATURE
650 0 4 _aFRENCH LITERATURE
942 _2ddc
_cBK
999 _c24848
_d24848